Enseñanza de la composición

Збережено в:
Бібліографічні деталі
Автор: Burrows, Alvina T (Автор)
Формат: Книга
Мова:Іспанська
Опубліковано: Buenos Aires Librería del Colegio 1970
Серія:Nueva Pedagogía, 18
Предмети:
Теги: Додати тег
Немає тегів, Будьте першим, хто поставить тег для цього запису!

MARC

LEADER 00000nam a2200000 a 4500
001 UCU1024
003 CL-VaPUC
008 960329e19700000AG |||||||||||||||||spa|d
082 0 4 |a 372.623  |b BUR  |2 21 
100 0 |a Burrows, Alvina T  |e author  |9 356610 
245 1 0 |a Enseñanza de la composición 
300 |a 47 p 
942 |c BK 
945 |d 19960329 00:00:00  |a lriquelm 
260 |a Buenos Aires  |b Librería del Colegio  |c 1970 
650 0 |a Enseñanza de la escritura  |9 307377 
650 7 |a COMPOSICION  |2 CL-VaPUC  |9 262958 
650 0 |a Escritura  |9 264941 
650 0 |a Redacción   |9 320524 
583 |a last modification  |c 19960329 00:00:00  |k Rodrigo Vera 
490 0 |a Nueva Pedagogía, 18 
999 |c 245795  |d 245793 
952 |0 0  |1 0  |4 0  |6 372_623000000000000_BUR_1970  |7 0  |8 P  |9 260394  |a BIBEDU  |b BIBEDU  |c BIBEDU_PB  |d 2019-11-19  |i 1639218  |o 372.623 BUR 1970  |p 1639218  |r 2024-01-25  |w 2019-11-19  |y BK  |k EDU